000 00717cab a2200241 4500
001 WB3324-32
008 090401t1997 xxu||||| |||| 00| 0 eng d
035 _a(Sirsi) u79077
041 _aeng
245 _aIPD index plan
260 _c1997
350 _a0
490 _aEstates Gazette
_v(9724) 14 June 1997, 48(1)
520 _aPlans for a quarterly IPD index based on valuations of property more frequent than annual are considered too costlyby pension funds and insurance companies.
650 _aINSURANCE COMPANIES
650 _aIPD INDEX
650 _aPENSION FUNDS
650 _aPROPERTY VALUES
650 _aVALUATIONS
690 _aRATING AND VALUATION
942 _n0
948 _c19/06/1997
999 _c49692
_d49692